Statistics for The Simpsons | 200 Highest Rated Episodes 2023

Click here to take the quiz!

General Stats

  • This quiz has been taken 9 times
  • The average score is 54 of 200

Answer Stats

#RatingS##: E##Episode% Correct
49.2S06: E25Who Shot Mr. Burns? Part One
86%
129.0S07: E01Who Shot Mr. Burns? Part Two
86%
158.9S06: E13And Maggie Makes Three
71%
1108.1S01: E01Simpsons Roasting on an Open Fire
71%
998.2S02: E03Treehouse of Horror
71%
488.5S06: E18A Star Is Burns
57%
1537.9S01: E05Bart the General
57%
748.3S04: E16Duffless
57%
278.7S03: E17Homer at the Bat
57%
19.3S08: E23Homer’s Enemy
57%
468.6S06: E04Itchy & Scratchy Land
57%
508.5S04: E01Kamp Krusty
57%
698.3S01: E12Krusty Gets Busted
57%
109.0S04: E17Last Exit to Springfield
57%
69.1S04: E12Marge vs. the Monorail
57%
358.6S05: E10$pringfield (Or, How I Learned to Stop Worrying and Love Legalized Gambling)
57%
428.6S03: E01Stark Raving Dad
57%
798.3S05: E19Sweet Seymour Skinner's Baadasssss Song
57%
808.3S05: E20The Boy Who Knew Too Much
57%
119.0S09: E01The City of New York vs. Homer Simpson
57%
978.2S02: E12The Way We Was
57%
1008.2S03: E07Treehouse of Horror II
57%
658.4S04: E05Treehouse of Horror III
57%
1418.0S10: E04Treehouse of Horror IX
57%
39.2S06: E06Treehouse of Horror V
57%
348.6S07: E06Treehouse of Horror VI
57%
608.5S08: E01Treehouse of Horror VII
57%
1078.2S09: E04Treehouse of Horror VII
57%
1727.8S11: E04Treehouse of Horror X
57%
848.3S34: E06Treehouse of Horror XXXIII
57%
59.2S08: E02You Only Move Twice
57%
1518.0S08: E06A Milhouse Divided
43%
738.3S08: E05Bart After Dark
43%
338.7S06: E14Bart’s Comet
43%
1358.0S06: E07Bart’s Girlfriend
43%
768.3S03: E16Bart the Lover
43%
1757.8S02: E22Blood Feud
43%
29.2S05: E02Cape Feare
43%
178.8S05: E15Deep Space Homer
43%
188.8S03: E10Flaming Moe’s
43%
888.2S05: E13Homer and Apu
43%
498.5S05: E01Homer’s Barbershop Quartet
43%
208.8S08: E15Homer’s Phobia
43%
268.8S07: E17Homer the Smithers
43%
408.6S06: E15Homie the Clown
43%
288.7S08: E08Hurricane Neddy
43%
1168.1S04: E22Krusty Gets Kancelled
43%
318.7S06: E24Lemon of Troy
43%
1178.1S07: E15Lisa the Iconoclast
43%
518.5S07: E05Lisa the Vegetarian
43%
528.5S07: E11Marge Be Not Proud
43%
1378.0S05: E06Marge on the Lam
43%
218.8S04: E09Mr. Plow
43%
238.8S05: E04Rosebud
43%
948.2S06: E05Sideshow Bob Roberts
43%
958.2S02: E02Simpson and Delilah
43%
1587.9S12: E08Skinner’s Sense of Snow
43%
1248.1S04: E19The Front
43%
1577.9S08: E14The Itchy & Scratchy & Poochie Show
43%
1508.0S06: E21The PTA Disbands
43%
248.8S05: E05Treehouse of Horror IV
43%
148.9S07: E2122 Short Films About Springfield
29%
858.2S07: E19A Fish Called Selma
29%
1018.2S02: E01Bart Gets an F
29%
1138.1S05: E12Bart Gets Famous
29%
258.8S07: E04Bart Sells His Soul
29%
1817.7S09: E06Bart Star
29%
378.6S03: E04Bart the Murderer
29%
688.3S03: E21Black Widower
29%
968.2S08: E16Brother from Another Series
29%
1308.1S04: E14Brother from the Same Planet
29%
1987.7S03: E19Dog of Death
29%
1847.7S06: E11Fear of Flying
29%
138.9S06: E09Homer Badman
29%
458.6S05: E03Homer Goes to College
29%
568.5S05: E16Homer Loves Flanders
29%
1567.9S07: E24Homerpalooza
29%
168.9S04: E03Homer the Heretic
29%
1857.7S10: E13Homer to the Max
29%
668.4S04: E15I Love Lisa
29%
778.3S03: E12I Married Marge
29%
1158.1S02: E09Itchy & Scratchy & Marge
29%
908.2S04: E06Itchy & Scratchy: The Movie
29%
478.6S06: E08Lisa on Ice
29%
298.7S04: E10Lisa’s First Word
29%
418.6S02: E19Lisa’s Substitute
29%
1877.7S04: E04Lisa the Beauty Queen
29%
1468.0S03: E14Lisa the Greek
29%
1188.1S09: E08Lisa the Skeptic
29%
1887.7S04: E21Marge in Chains
29%
308.7S07: E08Mother Simpson
29%
598.5S08: E12Mountain of Madness
29%
1897.7S03: E02Mr. Lisa Goes to Washington
29%
728.3S07: E02Radioactive Man
29%
538.5S03: E11Radio Bart
29%
1498.0S05: E22Secrets of a Successful Marriage
29%
1478.0S04: E13Selma’s Choice
29%
1388.0S07: E06Sideshow Bob's Last Gleaming
29%
1907.7S01: E13Some Enchanted Evening
29%
818.3S07: E12Team Homer
29%
1398.0S07: E18The Day the Violence Died
29%
1258.1S08: E03The Homer They Fall
29%
828.3S09: E13The Joy of Sect
29%
558.5S05: E09The Last Temptation of Homer
29%
1058.2S06: E23The Springfield Connection
29%
79.1S08: E10The Springfield Files
29%
988.2S02: E21Three Men and a Comic Book
29%
438.6S12: E18Trilogy of Error
29%
1278.1S06: E20Two Dozen and One Greyhounds
29%
1288.1S04: E20Whacking Day
29%
1038.2S03: E03When Flanders Failed
29%
1088.2S33: E06A Serious Flanders
14%
1098.2S33: E07A Serious Flanders: Part 2
14%
1128.1S04: E01A Streetcar Named Marge
14%
1767.8S05: E17Bart Gets an Elephant
14%
328.7S06: E01Bart of Darkness
14%
1837.7S03: E23Bart's Friend Falls in Love
14%
758.3S02: E08Bart the Daredevil
14%
578.5S06: E16Bart vs. Australia
14%
1827.7S02: E07Bart vs. Thanksgiving
14%
1547.9S11: E22Behind the Laughter
14%
868.2S03: E24Brother, Can You Spare Two Dimes?
14%
1557.9S02: E18Brush with Greatness
14%
788.3S05: E18Burns’ Heir
14%
1917.7S01: E07Call of the Simpsons
14%
1368.0S03: E20Colonel Homer
14%
878.2S09: E14Das Bus
14%
1597.9S02: E06Dead Putting Society
14%
1068.2S08: E19Grade School Confidential
14%
1488.0S06: E10Grampa vs. Sexual Inadequacy
14%
1458.0S03: E15Homer Alone
14%
448.6S04: E11Homer’s Triple Bypass
14%
89.0S06: E12Homer the Great
14%
898.2S05: E11Homer the Vigilante
14%
1657.8S06: E17Homer vs. Patty and Selma
14%
198.8S08: E18Homer vs. the 18th Amendment
14%
1867.7S13: E18I Am Furious (Yellow)
14%
1148.1S08: E22In Marge We Trust
14%
918.2S09: E23King of the Hill
14%
1787.8S08: E07Lisa’s Date with Density
14%
1667.8S03: E08Lisa’s Pony
14%
1208.1S06: E02Lisa’s Rival
14%
1218.1S09: E03Lisa’s Sax
14%
1198.1S05: E14Lisa vs. Malibu Stacy
14%
1997.7S09: E24Lost Our Lisa
14%
1677.8S04: E07Marge Gets a Job
14%
1228.1S10: E09Mayored to the Mob
14%
1328.1S07: E23Much Apu About Nothing
14%
1797.8S08: E17My Sister, My Sitter
14%
928.2S04: E08New Kid on the Block
14%
718.3S02: E15Oh Brother, Where Art Thou?
14%
228.8S02: E11One Fish, Two Fish, Blowfish, Blue Fish
14%
588.5S07: E22Raging Abe Simpson and His Grumbling
Grandson in 'The Curse of the Flying Hellfish'
14%
1118.1S06: E22‘Round Springfield
14%
1607.9S03: E09Saturdays of Thunder
14%
2007.7S07: E14Scenes from the Class Struggle in Springfield
14%
548.5S07: E25Summer of 4'2"
14%
1617.9S23: E06The Book Job
14%
1937.7S01: E11The Crepes of Wrath
14%
398.6S08: E09The Mysterious Voyage of Our Homer
14%
1707.8S08: E25The Secret War of Lisa Simpson
14%
1747.8S02: E20The War of the Simpsons
14%
1268.1S10: E02The Wizard of Evergreen Terrace
14%
648.4S09: E22Trash of the Titans
14%
618.5S07: E13Two Bad Neighbors
14%
1737.8S10: E10Viva Ned Flanders
14%
1957.7S13: E16Weekend at Burnsie’s
14%
1338.1S18: E2124 Minutes
0%
1977.7S02: E10Bart Gets Hit by a Car
0%
678.4S27: E09Barthood
0%
368.6S07: E20Bart on the Road
0%
388.6S05: E08Boy Scoutz ‘n the Hood
0%
1627.9S25: E20Brick Like Me
0%
1048.2S03: E11Burns Verkaufen der Kraftwerk
0%
1647.8S11: E05E-I-E-I-(Annoyed Grunt)
0%
1348.1S19: E09Eternal Moonshine of the Simpson Mind
0%
1777.8S09: E21Girly Edition
0%
838.3S23: E09Holidays of Future Passed
0%
638.4S03: E05Homer Defined
0%
1448.0S02: E13Homer vs. Lisa and the 8th Commandment
0%
628.4S07: E03Home Sweet Home-Dum-Diddly Doodily
0%
1298.1S12: E09HOMR
0%
99.0S07: E07King Size Homer
0%
1318.1S10: E07Lisa Gets an ‘A’
0%
708.3S06: E19Lisa’s Wedding
0%
1528.0S09: E17Lisa the Simpson
0%
1438.0S09: E25Natural Born Kissers
0%
1687.8S13: E22Papa's Got a Brand New Badge
0%
938.2S03: E18Separate Vocations
0%
1238.1S09: E19Simpson Tide
0%
1637.9S26: E06Simpsorama
0%
1028.2S09: E05The Cartridge Family
0%
1927.7S12: E06The Computer Wore Menace Shoes
0%
1697.8S08: E21The Old Man and the Lisa
0%
1717.8S09: E20The Trouble with Trillions
0%
1947.7S08: E11The Twisted World of Marge Simpson
0%
1408.0S10: E23Thirty Minutes Over Tokyo
0%
1807.8S09: E18This Little Wiggy
0%
1428.0S02: E04Two Cars in Every Garage and Three Eyes on Every Fish
0%
1967.7S10: E11Wild Barts Can’t Be Broken
0%

Score Distribution

Percentile by Number Answered

Percent of People with Each Score

Your Score History

You have not taken this quiz